MARC
| LEADER | 00000cam a2200000 7i4500 | ||
|---|---|---|---|
| 001 | 0000000295 | ||
| 005 | 20000728.0 | ||
| 020 | 0 | 0 | |a 9836252061 |
| 090 | 0 | 0 | |a 628.53 |b ZAI 1997 |
| 100 | 0 | 0 | |a ZAINI Ujang |c 1965- |
| 245 | 1 | 0 | |a Pengenalan pencemaran udara |c Zaini Ujang |
| 260 | 0 | 0 | |a Kuala Lumpur : |b DBP , |c 1997 |
| 300 | |a xv, 244 p. : |b illl. ; |c 22 cm. | ||
| 500 | 0 | 0 | |a Includes index |
| 650 | 0 | 0 | |a Air |x Pollution |
| 999 | |a 0000001394 |b Monograph |c Open Shelf |e Default branch | ||